[Event "DEM U10/U10w 2010"]
[Site "Oberhof GER"]
[Date "2010.05.23"]
[Round "2"]
[White "Allin, Katharina"]
[Black "Peter, Anton"]
[Result "0-1"]
[Termination "normal"]
[Board "28"]
[WhiteElo "1059"]
[BlackElo "1499"]
[PlyCount "102"]
[WhiteFideId "12903779"]
[BlackFideId "12901660"]
[EventCountry "GER"]
[EventRounds "11"]
[EventType "swiss"]
[EventDate "2010.05.22"]

1. e4 e5 2. Nf3 d6 3. d4 exd4 4. Nxd4 Nf6 5. Nc3 Be7 6. Bf4 O-O 7. Qd2 c6 8.
O-O-O b5 9. f3 Qb6 10. Be3 b4 11. Nce2 c5 12. Nf5 Bxf5 13. exf5 a5 14. g4 a4
15. h4 b3 16. a3 bxc2 17. Re1 Qb3 18. Qxc2 Qxe3+ 19. Kb1 Qxf3 20. Rg1 Nxg4 21.
Bg2 Ne3 22. Bxf3 Nxc2 23. Kxc2 Ra6 24. h5 Nd7 25. h6 g6 26. fxg6 fxg6 27. Rgf1
Ne5 28. Bd5+ Kh8 29. Rh1 Rb6 30. Nc3 Rf2+ 31. Re2 Rxe2+ 32. Nxe2 Bf8 33. Nc3
Ng4 34. Re1 Nxh6 35. Re8 Kg7 36. Re6 Nf5 37. Kd3 Rxb2 38. Nxa4 Rh2 39. Nb6 Rh3+
40. Kc4 Ne3+ 41. Kb5 Nxd5 42. Nxd5 Rxa3 43. Re2 h5 44. Nf4 Kh6 45. Ne6 Bg7 46.
Rd2 Be5 47. Rg2 h4 48. Rg1 h3 49. Nxc5 dxc5 50. Kxc5 h2 51. Rb1 Rg3 0-1

[Event "DEM U10/U10w 2010"]
[Site "Oberhof GER"]
[Date "2010.05.23"]
[Round "2"]
[White "Schröder, Janina"]
[Black "Mätzkow, Maximilian Paul"]
[Result "0-1"]
[Termination "normal"]
[Board "29"]
[WhiteElo "1042"]
[BlackElo "1470"]
[PlyCount "86"]
[WhiteFideId "24693138"]
[BlackFideId "24679933"]
[EventCountry "GER"]
[EventRounds "11"]
[EventType "swiss"]
[EventDate "2010.05.22"]

1. e4 d5 2. exd5 Qxd5 3. Nc3 Qa5 4. Bc4 Bf5 5. Qf3 c6 6. d3 e6 7. Nge2 Nf6 8.
h3 Nbd7 9. d4 Bxc2 10. O-O Bd6 11. Bd2 Qc7 12. Kh1 O-O 13. Rac1 Bg6 14. Bg5 h6
15. Bf4 Rfe8 16. Kg1 e5 17. Qg3 exf4 18. Qf3 Bh5 19. Qd3 Bxe2 20. Qd2 Bxc4 21.
Rfe1 Rxe1+ 22. Rxe1 Re8 23. Rxe8+ Nxe8 24. b3 Ba6 25. d5 Nef6 26. dxc6 Qxc6 27.
Qd4 Be5 28. Qd2 Qxc3 29. Qxc3 Bxc3 30. g3 fxg3 31. fxg3 Kh7 32. Kf2 Kg6 33. Ke3
Kf5 34. Kf3 Ne5+ 35. Kf2 Bd4+ 36. Ke1 Ke4 37. Kd1 Kd3 38. Kc1 Kc3 39. Kd1 Nf3
40. Kc1 Bd3 41. Kd1 Ne4 42. Kc1 Bc2 43. b4 Be3# 0-1

[Event "DEM U10/U10w 2010"]
[Site "Oberhof GER"]
[Date "2010.05.23"]
[Round "2"]
[White "Dallinger, Moritz"]
[Black "Bach, Kira Annika"]
[Result "0-1"]
[Termination "normal"]
[Board "30"]
[WhiteElo "1418"]
[BlackElo "1071"]
[PlyCount "56"]
[WhiteFideId "12910864"]
[BlackFideId "12907677"]
[EventCountry "GER"]
[EventRounds "11"]
[EventType "swiss"]
[EventDate "2010.05.22"]

1. e4 d5 2. exd5 c6 3. dxc6 Nxc6 4. Nf3 e5 5. Bb5 Bd6 6. O-O Bg4 7. d3 h6 8.
Re1 Nf6 9. h3 Bh5 10. Nc3 O-O 11. Bxc6 bxc6 12. Ne4 Re8 13. Ng3 Bg6 14. b3 e4
15. dxe4 Nxe4 16. Nxe4 Bxe4 17. Bb2 Qc7 18. Kh1 Rad8 19. Re3 Bc5 20. Qe1 Bxe3
21. Qxe3 Bxc2 22. Qc3 f6 23. Qxc2 Kh8 24. Qg6 Re2 25. Rb1 Qb6 26. Nd4 Rd2 27.
Nf5 Qc7 28. Nxh6 Rd1+ 0-1

[Event "DEM U10/U10w 2010"]
[Site "Oberhof GER"]
[Date "2010.05.23"]
[Round "2"]
[White "Spitzl, Vinzent"]
[Black "Riegel, Arinna"]
[Result "1-0"]
[Termination "normal"]
[Board "31"]
[WhiteElo "1711"]
[BlackElo "1013"]
[PlyCount "39"]
[WhiteFideId "12901253"]
[BlackFideId "12931446"]
[EventCountry "GER"]
[EventRounds "11"]
[EventType "swiss"]
[EventDate "2010.05.22"]

1. e4 d6 2. d4 Nf6 3. Nc3 g6 4. Bc4 Bg7 5. Nge2 Nxe4 6. Bxf7+ Kxf7 7. Nxe4 Rf8
8. O-O Kg8 9. Bg5 h6 10. Be3 Bf5 11. f3 c6 12. c3 Qc7 13. Qd2 Nd7 14. Bxh6 Kh7
15. Ng5+ Kg8 16. Bxg7 Kxg7 17. g4 e6 18. gxf5 exf5 19. Ne6+ Kg8 20. Nxc7 1-0

[Event "DEM U10/U10w 2010"]
[Site "Oberhof GER"]
[Date "2010.05.23"]
[Round "2"]
[White "Mildner, Ramón"]
[Black "Lederer, Leia"]
[Result "1/2-1/2"]
[Termination "normal"]
[Board "33"]
[WhiteElo "1200"]
[BlackElo "971"]
[PlyCount "116"]
[WhiteFideId "12909645"]
[BlackFideId "12926353"]
[EventCountry "GER"]
[EventRounds "11"]
[EventType "swiss"]
[EventDate "2010.05.22"]

1. e4 c5 2. Nf3 d6 3. d4 cxd4 4. Nxd4 Nf6 5. Nc3 g6 6. Be2 Bg7 7. Be3 e5 8.
Ndb5 O-O 9. Qxd6 Qxd6 10. Nxd6 Nc6 11. O-O-O b6 12. h4 h5 13. f3 Be6 14. Rdg1
Nb4 15. a3 Rad8 16. Ndb5 Nc6 17. g4 a6 18. Nc7 a5 19. Bxb6 Rb8 20. Nxe6 fxe6
21. Bc7 Rbc8 22. Bxe5 Nxe5 23. gxh5 Nxh5 24. Kb1 Nxf3 25. Bxf3 Rxf3 26. Rxg6
Nf4 27. Rg5 Nh3 28. Rxa5 Bf6 29. h5 Rb8 30. Rb5 Rxb5 31. Nxb5 Nf2 32. Rg1+ Kh7
33. Re1 Kh6 34. e5 Bg5 35. a4 Kxh5 36. a5 Bd2 37. a6 Bxe1 38. a7 Rf8 39. Nc7
Ng4 40. a8=Q Rxa8 41. Nxa8 Nxe5 42. Nc7 Nf3 43. Nxe6 Nd2+ 44. Ka2 Kg4 45. Nd4
Kf4 46. b4 Nc4 47. b5 Bf2 48. Ne2+ Ke5 49. Nc3 Bd4 50. Na4 Kd5 51. Kb3 Na5+ 52.
Ka3 Nc4+ 53. Kb4 Ne3 54. Nc3+ Ke5 55. Ne2 Nxc2+ 56. Kc4 Na3+ 57. Kb4 Bb2 58.
Ng3 Nxb5 1/2-1/2

[Event "DEM U10/U10w 2010"]
[Site "Oberhof GER"]
[Date "2010.05.23"]
[Round "2"]
[White "Siegl, Adrian"]
[Black "Schluckner, Paul-Leopold"]
[Result "1-0"]
[Termination "normal"]
[Board "34"]
[WhiteElo "1198"]
[BlackElo "957"]
[PlyCount "97"]
[WhiteFideId "12930156"]
[BlackFideId "12952168"]
[EventCountry "GER"]
[EventRounds "11"]
[EventType "swiss"]
[EventDate "2010.05.22"]

1. e4 e5 2. Nf3 Nc6 3. d4 exd4 4. Nxd4 Bc5 5. Be3 Qf6 6. c3 Nge7 7. Bc4 d6 8.
O-O O-O 9. Qd2 h6 10. Rd1 Qg6 11. f3 a6 12. Bd3 Qf6 13. Bc4 b5 14. Bb3 Bb7 15.
Bc2 Ng6 16. Nxc6 Bxe3+ 17. Qxe3 Bxc6 18. Nd2 Bd7 19. Nb3 Rfe8 20. Nd4 Nh4 21.
g3 Ng6 22. f4 c5 23. Nb3 Qe7 24. Re1 Bc6 25. Nd2 Rad8 26. Nf3 Rc8 27. Re2 f6
28. Rf1 Rcd8 29. e5 dxe5 30. Bxg6 Bxf3 31. Rxf3 Rf8 32. fxe5 fxe5 33. Rxf8+
Rxf8 34. Qxe5 Qxe5 35. Rxe5 c4 36. Re6 Ra8 37. Kf2 Rf8+ 38. Ke2 Rf6 39. Re8+
Rf8 40. Rxf8+ Kxf8 41. Ke3 Ke7 42. Be4 Kd6 43. Kd4 Kc7 44. Kc5 g5 45. Bf3 h5
46. Bxh5 Kb7 47. Bf3+ Ka7 48. h4 Kb8 49. hxg5 1-0

[Event "DEM U10/U10w 2010"]
[Site "Oberhof GER"]
[Date "2010.05.23"]
[Round "2"]
[White "Reimers, Kim"]
[Black "Giede, Anna-Blume"]
[Result "1-0"]
[Termination "normal"]
[Board "35"]
[WhiteElo "1192"]
[BlackElo "927"]
[PlyCount "119"]
[WhiteFideId "12930377"]
[BlackFideId "12921980"]
[EventCountry "GER"]
[EventRounds "11"]
[EventType "swiss"]
[EventDate "2010.05.22"]

1. e4 e5 2. Nf3 Nc6 3. d4 exd4 4. Nxd4 Qh4 5. Nc3 Bb4 6. Qd3 Nf6 7. Ndb5 Ba5 8.
Bd2 a6 9. g3 Qg4 10. f3 Qe6 11. Nd4 Qe7 12. Nf5 Qf8 13. Bh3 d6 14. O-O g6 15.
Bh6 Qg8 16. Bg7 Bxf5 17. Bxh8 Bxh3 18. Bxf6 Bxf1 19. Rxf1 Nb4 20. Qd4 b6 21. a3
Nc6 22. Qd5 Kd7 23. b4 Nxb4 24. axb4 Bxb4 25. Rb1 Bxc3 26. Bxc3 Re8 27. e5 Re6
28. Rxb6 Qc8 29. Qc6+ Ke7 30. Rxa6 dxe5 31. Qc5+ Kd7 32. Rxe6 Kxe6 33. Qxe5+
Kd7 34. Qd4+ Ke8 35. Qh8+ Kd7 36. Qxc8+ Kxc8 37. Kf2 Kd7 38. Ke3 Kd6 39. Kd4
Ke6 40. Kc5 Kd7 41. Bg7 f5 42. Bh6 Kc8 43. Kc6 Kd8 44. Bf4 Kc8 45. Bxc7 g5 46.
h4 gxh4 47. gxh4 h5 48. c4 f4 49. Bxf4 Kd8 50. Kb7 Kd7 51. c5 Kd8 52. c6 Ke7
53. c7 Kf6 54. c8=Q Kg6 55. Qf8 Kh7 56. Qf5+ Kh8 57. Qg5 Kh7 58. Be3 Kh8 59.
Bd4+ Kh7 60. Qg7# 1-0

[Event "DEM U10/U10w 2010"]
[Site "Oberhof GER"]
[Date "2010.05.23"]
[Round "2"]
[White "Rogozenco, Teodora Nana"]
[Black "Denkert, Anna"]
[Result "1-0"]
[Termination "normal"]
[Board "36"]
[WhiteElo "1186"]
[BlackElo "914"]
[PlyCount "93"]
[WhiteFideId "12938084"]
[BlackFideId "12938122"]
[EventCountry "GER"]
[EventRounds "11"]
[EventType "swiss"]
[EventDate "2010.05.22"]

1. d4 Nf6 2. c4 c5 3. d5 b5 4. Qc2 Bb7 5. e4 g6 6. cxb5 a6 7. Nf3 Bg7 8. Be3 d6
9. Nc3 Nbd7 10. Bc4 O-O 11. O-O Qb6 12. Nd2 Ne5 13. f4 Nxc4 14. Nxc4 axb5 15.
Nxb6 Ra6 16. Nxb5 Rxb6 17. Nc3 Rb8 18. Rfb1 Ba6 19. a4 Ng4 20. Bf2 Nxf2 21.
Kxf2 c4 22. Kf3 Rb3 23. h3 e6 24. Kf2 f5 25. dxe6 fxe4 26. Nxe4 Rxb2 27. Rxb2
Rxb2 28. Qxb2 Bxb2 29. Re1 Kf8 30. e7+ Kxe7 31. Nc5+ Kf7 32. Nxa6 Bf6 33. Nb4
Bh4+ 34. g3 Bd8 35. Nc6 Bb6+ 36. Kf3 c3 37. a5 Bc5 38. a6 c2 39. Rc1 Ke6 40.
Rxc2 Kd7 41. Rxc5 dxc5 42. a7 c4 43. Ne5+ Kc7 44. a8=Q c3 45. Qc6+ Kb8 46. Nd7+
Ka7 47. Nc5 1-0

[Event "DEM U10/U10w 2010"]
[Site "Oberhof GER"]
[Date "2010.05.23"]
[Round "2"]
[White "Ratay, Meike"]
[Black "Matzeit, Adrian"]
[Result "0-1"]
[Termination "normal"]
[Board "37"]
[WhiteElo "930"]
[BlackElo "1175"]
[PlyCount "64"]
[WhiteFideId "12977608"]
[BlackFideId "12946737"]
[EventCountry "GER"]
[EventRounds "11"]
[EventType "swiss"]
[EventDate "2010.05.22"]

1. e4 e6 2. Nf3 d6 3. d4 d5 4. exd5 exd5 5. Nc3 Nf6 6. Bg5 Be7 7. Bxf6 Bxf6 8.
Qe2+ Be7 9. Qe3 O-O 10. Bd3 Re8 11. Nd2 Bg5 12. Qe2 Rxe2+ 13. Bxe2 Bxd2+ 14.
Kxd2 Be6 15. Rae1 Nc6 16. Ke3 Qg5+ 17. f4 Qe7 18. Bb5 Bf5+ 19. Kf3 Qd6 20. Re2
Nxd4+ 21. Ke3 Nxe2 22. Bxe2 Re8+ 23. Kf3 Be4+ 24. Kg3 Bxc2 25. Re1 Re3+ 26. Kg4
Qe6+ 27. f5 Bxf5+ 28. Kf4 Qe5+ 29. Kg5 h6+ 30. Kh5 Bd7+ 31. Kh4 Qf4+ 32. Kh5
g6# 0-1

[Event "DEM U10/U10w 2010"]
[Site "Oberhof GER"]
[Date "2010.05.23"]
[Round "2"]
[White "Ramien, David"]
[Black "Lohrmann, Tabea"]
[Result "1-0"]
[Termination "normal"]
[Board "38"]
[WhiteElo "1172"]
[BlackElo "874"]
[PlyCount "87"]
[WhiteFideId "12948241"]
[BlackFideId "12911941"]
[EventCountry "GER"]
[EventRounds "11"]
[EventType "swiss"]
[EventDate "2010.05.22"]

1. e4 e5 2. Nf3 Nc6 3. Nc3 Nf6 4. Bb5 Bc5 5. d3 h6 6. Qe2 O-O 7. Bxc6 bxc6 8.
Nxe5 Re8 9. Nf3 d6 10. O-O Bg4 11. h3 Bh5 12. Be3 Bb6 13. Bxb6 cxb6 14. Qe3 d5
15. Nd1 dxe4 16. dxe4 Nxe4 17. Qb3 Nc5 18. Qc3 Bxf3 19. Qxf3 Qg5 20. Nc3 Re6
21. b4 Na6 22. Ne4 Qe5 23. Rfe1 Qb5 24. a3 Nc7 25. Rad1 Nd5 26. Rd4 Rd8 27. c4
Qa6 28. cxd5 cxd5 29. Red1 Qb7 30. Rxd5 Rxd5 31. Rxd5 Qc7 32. Qc3 Rc6 33. Qg3
Rc1+ 34. Kh2 Qc6 35. Rd8+ Kh7 36. Qd3 h5 37. Nf6+ Kh6 38. Ng4+ hxg4 39. Rd6+
Qxd6+ 40. Qxd6+ Kh5 41. hxg4+ Kxg4 42. Qe5 Rc4 43. f3+ Kh4 44. g3# 1-0

[Event "DEM U10/U10w 2010"]
[Site "Oberhof GER"]
[Date "2010.05.23"]
[Round "2"]
[White "Main, Laetitia Chantal"]
[Black "Stobbe, Frederik"]
[Result "0-1"]
[Termination "normal"]
[Board "39"]
[WhiteElo "922"]
[BlackElo "1157"]
[PlyCount "60"]
[EventCountry "GER"]
[EventRounds "11"]
[EventType "swiss"]
[EventDate "2010.05.22"]

1. e4 c5 2. Nf3 Nc6 3. Bc4 e6 4. Nc3 a6 5. d3 b5 6. Bb3 Bb7 7. Be3 Be7 8. O-O
d6 9. Ne2 Nf6 10. Ng3 O-O 11. Nh4 Nxe4 12. dxe4 Bxh4 13. Nh5 c4 14. Qg4 g6 15.
Nf4 Ne5 16. Qe2 cxb3 17. axb3 Bg5 18. Nh3 Bxe3 19. Qxe3 f5 20. f3 d5 21. Ng5 f4
22. Qd4 Qxg5 23. Qf2 dxe4 24. fxe4 f3 25. g3 Rad8 26. c3 Rd2 27. Qe1 Nd3 28.
Qb1 Bxe4 29. Rxa6 Qe3+ 30. Kh1 f2# 0-1

[Event "DEM U10/U10w 2010"]
[Site "Oberhof GER"]
[Date "2010.05.23"]
[Round "2"]
[White "Cejda, Cecilia"]
[Black "Walker, Julia"]
[Result "0-1"]
[Termination "normal"]
[Board "40"]
[WhiteElo "894"]
[BlackElo "1145"]
[PlyCount "76"]
[WhiteFideId "12921122"]
[BlackFideId "1271852"]
[EventCountry "GER"]
[EventRounds "11"]
[EventType "swiss"]
[EventDate "2010.05.22"]

1. e4 e5 2. Nf3 Nc6 3. Bc4 Bc5 4. c3 Nf6 5. d4 exd4 6. cxd4 Bb6 7. d5 Ne7 8.
Qb3 O-O 9. O-O Nxe4 10. Re1 Bxf2+ 11. Kf1 Bxe1 12. Nxe1 d6 13. Nd2 Nxd2+ 14.
Bxd2 Nf5 15. Nf3 Qf6 16. Bg5 Qg6 17. Bd3 h6 18. Be7 Re8 19. Bh4 Qg4 20. h3 Ne3+
21. Kf2 Qxg2+ 22. Ke1 Qh1+ 23. Kd2 Qxa1 24. Nd4 Nf1+ 25. Kc2 Ne3+ 26. Kc3 Qc1+
27. Bc2 Nxc2 28. Nxc2 Re3+ 29. Kb4 Rxb3+ 30. Kxb3 Bf5 31. Nd4 Qe3+ 32. Kc4 Qd3+
33. Kb4 Qxd4+ 34. Kb3 Qxh4 35. a3 Re8 36. Ka2 Qc4+ 37. b3 Qc2+ 38. Ka1 Re1# 0-1

[Event "DEM U10/U10w 2010"]
[Site "Oberhof GER"]
[Date "2010.05.23"]
[Round "2"]
[White "Martin, Julian"]
[Black "Köhler, Inken"]
[Result "1-0"]
[Termination "normal"]
[Board "41"]
[WhiteElo "1126"]
[BlackElo "786"]
[PlyCount "67"]
[WhiteFideId "12941000"]
[BlackFideId "12929301"]
[EventCountry "GER"]
[EventRounds "11"]
[EventType "swiss"]
[EventDate "2010.05.22"]

1. e4 e5 2. Nf3 Nc6 3. d4 exd4 4. Bc4 Bb4+ 5. c3 dxc3 6. bxc3 Bc5 7. Qd5 Qe7 8.
Ng5 Nf6 9. Qxf7+ Qxf7 10. Bxf7+ Ke7 11. Bd5 Nxd5 12. exd5 Ne5 13. O-O h6 14.
Re1 Kd6 15. Rxe5 hxg5 16. Rxg5 Re8 17. Bf4+ Ke7 18. Nd2 Kf6 19. h4 Re2 20. Rf1
b6 21. Nf3 d6 22. g4 Re4 23. Bg3 Rxg4 24. Re1 Rxg5 25. hxg5+ Kf5 26. Re7 Bb7
27. Rxg7 Bxd5 28. Nh4+ Kg4 29. Rxc7 Kxg5 30. Rg7+ Kh5 31. Rh7+ Kg4 32. Rg7+ Kh3
33. Ng6 Bxa2 34. Nf4# 1-0

[Event "DEM U10/U10w 2010"]
[Site "Oberhof GER"]
[Date "2010.05.23"]
[Round "2"]
[White "Möller, Hannah"]
[Black "Tong, Kevin"]
[Result "0-1"]
[Termination "normal"]
[Board "42"]
[WhiteElo "854"]
[BlackElo "1117"]
[PlyCount "132"]
[WhiteFideId "1270514"]
[BlackFideId "12913944"]
[EventCountry "GER"]
[EventRounds "11"]
[EventType "swiss"]
[EventDate "2010.05.22"]

1. c4 Nf6 2. Nc3 e6 3. g3 d5 4. cxd5 exd5 5. Bg2 g6 6. e3 Bg7 7. Nge2 O-O 8.
O-O c6 9. e4 Re8 10. d3 Bg4 11. Bg5 d4 12. Na4 Qa5 13. Bd2 Qa6 14. Bf4 Bxe2 15.
Qxe2 Qxa4 16. e5 Nbd7 17. Bh3 Nb6 18. b3 Qb4 19. Qd1 Nfd5 20. Bd2 Qe7 21. f4 a5
22. Bg2 a4 23. Rb1 axb3 24. Qxb3 Qa3 25. Qxa3 Rxa3 26. Ra1 Rxd3 27. Ba5 Nc4 28.
Be1 Ra3 29. Bf2 Nde3 30. Rfc1 Rea8 31. Rab1 Na5 32. Rb2 Nxg2 33. Kxg2 d3 34.
Rd1 Nc4 35. Rxb7 d2 36. Bd4 Rxa2 37. Rc7 Ra1 38. Bxa1 Ne3+ 39. Kf3 Nxd1 40. Ke2
Rxa1 41. Kxd2 Nf2 42. Rxc6 Ng4 43. h3 Nh2 44. Rc8+ Bf8 45. Re8 Nf1+ 46. Ke2
Nxg3+ 47. Kf3 Ra3+ 48. Kg2 Nh5 49. h4 Nxf4+ 50. Kh2 Rh3+ 51. Kg1 Rxh4 52. Kf2
Kg7 53. Kg3 g5 54. Kf3 Ng6 55. Kg3 Re4 56. Rc8 Nxe5 57. Kf2 h5 58. Rc1 Nd3+ 59.
Kf1 Rf4+ 60. Ke2 Nxc1+ 61. Kd1 Rf1+ 62. Kc2 h4 63. Kb2 h3 64. Kb1 h2 65. Ka1
h1=Q 66. Kb2 Qg2+ {Es folgte (regelwidrig) 67.Ka3 Tf3+ 68. Ka4 Dc2+ 69.Ka5 Ta3+
70.Kb6 Tb3+ 71.Ka7 Da2#.} 0-1

[Event "DEM U10/U10w 2010"]
[Site "Oberhof GER"]
[Date "2010.05.24"]
[Round "4"]
[White "Vogel, Roven"]
[Black "Ovsepyan, Arshak"]
[Result "0-1"]
[Termination "normal"]
[Board "1"]
[WhiteElo "1480"]
[BlackElo "1945"]
[PlyCount "88"]
[WhiteFideId "12908088"]
[BlackFideId "24690236"]
[EventCountry "GER"]
[EventRounds "11"]
[EventType "swiss"]
[EventDate "2010.05.22"]

1. d4 d5 2. Nf3 e6 3. Bf4 c5 4. e3 Nc6 5. c3 Nf6 6. Nbd2 Bd7 7. Be2 Be7 8. Ne5
h6 9. g4 Nh7 10. Bg3 Nxe5 11. Bxe5 f6 12. Bg3 g5 13. Qc2 Kf7 14. h4 Qg8 15. h5
cxd4 16. exd4 f5 17. gxf5 exf5 18. Be5 Nf6 19. O-O-O Qh7 20. Bf3 Bc6 21. Kb1
Rhc8 22. Bxf6 Kxf6 23. Rhe1 Bd6 24. Nf1 Bf4 25. Re2 Re8 26. Rde1 Qd7 27. b3 Qf7
28. Ne3 Bxe3 29. Rxe3 g4 30. Re5 Rxe5 31. Rxe5 Kg5 32. Bg2 Re8 33. Qc1+ Kxh5
34. Qh1+ Kg5 35. Rxe8 Qxe8 36. f3 h5 37. fxg4 hxg4 38. Bxd5 Bxd5 39. Qxd5 Qe4+
40. Qxe4 fxe4 41. d5 g3 42. d6 Kf6 43. Kc1 g2 44. d7 g1=Q+ 0-1

[Event "DEM U10/U10w 2010"]
[Site "Oberhof GER"]
[Date "2010.05.24"]
[Round "4"]
[White "Mehsin, Yazan"]
[Black "Greßmann, Moritz"]
[Result "1/2-1/2"]
[Termination "normal"]
[Board "2"]
[WhiteElo "1473"]
[BlackElo "1600"]
[PlyCount "52"]
[BlackFideId "24695084"]
[EventCountry "GER"]
[EventRounds "11"]
[EventType "swiss"]
[EventDate "2010.05.22"]

1. e4 e5 2. f4 d5 3. exd5 e4 4. d3 exd3 5. Bxd3 Qxd5 6. Nf3 Nf6 7. O-O Bc5+ 8.
Kh1 O-O 9. Nc3 Qd6 10. Re1 Bg4 11. f5 Bxf3 12. Qxf3 Nc6 13. Bg5 Ne5 14. Qh3
Neg4 15. Rf1 h6 16. Bxf6 Nxf6 17. Rad1 Qc6 18. Qh4 Rad8 19. Ne4 Bd4 20. Nc3
Bxc3 21. bxc3 Qxc3 22. Rf3 Rd4 23. Qf2 Re8 24. Qf1 Ng4 25. f6 g6 26. h3 Ne5
1/2-1/2

[Event "DEM U10/U10w 2010"]
[Site "Oberhof GER"]
[Date "2010.05.24"]
[Round "4"]
[White "Schröder, Kevin"]
[Black "Schmidek, Emil"]
[Result "1/2-1/2"]
[Termination "normal"]
[Board "3"]
[WhiteElo "1557"]
[BlackElo "1740"]
[PlyCount "109"]
[WhiteFideId "12929840"]
[BlackFideId "12908150"]
[EventCountry "GER"]
[EventRounds "11"]
[EventType "swiss"]
[EventDate "2010.05.22"]

1. d4 Nf6 2. c4 c5 3. d5 e6 4. Nc3 exd5 5. cxd5 d6 6. Nf3 g6 7. e4 Bg7 8. Bd3
O-O 9. O-O Bg4 10. h3 Bxf3 11. Qxf3 Nbd7 12. Bf4 Ne8 13. Qg3 Qe7 14. Rab1 a6
15. a4 Ne5 16. Bg5 Nf6 17. f4 Nxd3 18. Qxd3 h6 19. Bh4 Qd7 20. e5 Nh7 21. e6
Qc7 22. Rbe1 g5 23. Bg3 c4 24. Qf5 fxe6 25. Qxe6+ Kh8 26. fxg5 Nxg5 27. Qxd6
Qxd6 28. Bxd6 Rfd8 29. Be7 Bxc3 30. Bxd8 Bxe1 31. Bxg5 hxg5 32. Rxe1 b5 33.
axb5 axb5 34. d6 Rd8 35. Re5 Rxd6 36. Rxb5 Rd1+ 37. Kh2 Rb1 38. Rc5 Rxb2 39.
Rxc4 Rb5 40. Rc7 Kg8 41. Kg3 Ra5 42. Kg4 Ra2 43. g3 Ra5 44. Kh5 Ra3 45. Kg6 Kf8
46. g4 Rxh3 47. Kxg5 Ra3 48. Kg6 Ra6+ 49. Kh5 Ra5+ 50. g5 Ra6 51. g6 Ra1 52.
Rc8+ Kg7 53. Kg5 Ra5+ 54. Kg4 Kxg6 55. Rc6+ 1/2-1/2

[Event "DEM U10/U10w 2010"]
[Site "Oberhof GER"]
[Date "2010.05.24"]
[Round "4"]
[White "Moses, Selina"]
[Black "Litzka, Richard"]
[Result "0-1"]
[Termination "normal"]
[Board "4"]
[WhiteElo "1453"]
[BlackElo "1543"]
[PlyCount "140"]
[WhiteFideId "12908070"]
[EventCountry "GER"]
[EventRounds "11"]
[EventType "swiss"]
[EventDate "2010.05.22"]

1. e4 c5 2. Nc3 e6 3. g3 d5 4. d3 Nc6 5. Bg2 d4 6. Nce2 Nf6 7. f4 Be7 8. Nf3
Bd7 9. O-O Qc7 10. c3 Qb6 11. Kh1 O-O 12. h3 h5 13. cxd4 cxd4 14. b3 Rfd8 15.
Bb2 Bc5 16. a3 a5 17. Qc2 Be8 18. Rac1 Be7 19. Qc4 Rac8 20. Qc2 Nxe4 21. Nfxd4
Nxg3+ 22. Nxg3 Nxd4 23. Bxd4 Qxd4 24. Qd2 Rxc1 25. Rxc1 Bxa3 26. Rd1 Bb4 27.
Qc2 h4 28. Ne2 Qe3 29. Kh2 Bd6 30. Rf1 Bb5 31. Rf3 Qb6 32. Kh1 Bc6 33. Rf1
Bxg2+ 34. Kxg2 Qc6+ 35. Qxc6 bxc6 36. Rc1 Ba3 37. Rxc6 Rxd3 38. Rb6 Bb4 39.
Rb8+ Kh7 40. Rb7 f6 41. Rb6 Rxb3 42. Rxe6 a4 43. Ra6 a3 44. Nc1 Rc3 45. Ne2 Rc2
46. Kf3 a2 47. Nd4 Rc3+ 48. Kg4 Ra3 49. Rxa3 Bxa3 50. Nb3 Bb2 51. Kxh4 a1=Q 52.
Nxa1 Bxa1 53. Kg4 Bd4 54. f5 Kh6 55. Kh4 Be3 56. Kg4 Kh7 57. Kh5 Kg8 58. Kg6
Kf8 59. Kh5 Ke7 60. h4 Kd6 61. Kg4 Bh6 62. Kh5 Ke5 63. Kg4 Ke4 64. Kh5 Kf4 65.
Kg6 Kg4 66. h5 Kf4 67. Kh7 Kxf5 68. Kg8 Kg5 69. Kf7 f5 70. Ke6 f4 0-1

[Event "DEM U10/U10w 2010"]
[Site "Oberhof GER"]
[Date "2010.05.24"]
[Round "4"]
[White "Graf, Clara Victoria"]
[Black "Wächter, Nathalie"]
[Result "1-0"]
[Termination "normal"]
[Board "5"]
[WhiteElo "1736"]
[BlackElo "1385"]
[PlyCount "121"]
[WhiteFideId "1270339"]
[BlackFideId "12921033"]
[EventCountry "GER"]
[EventRounds "11"]
[EventType "swiss"]
[EventDate "2010.05.22"]

1. e4 e5 2. Nf3 Nc6 3. d4 exd4 4. Nxd4 Bc5 5. Nxc6 Qf6 6. Qf3 bxc6 7. Nc3 Bb7
8. Bc4 Qxf3 9. gxf3 Ne7 10. Be3 Bb6 11. O-O-O Rd8 12. Rd2 O-O 13. Rhd1 d6 14.
f4 Kh8 15. f5 Rd7 16. a4 a6 17. Bxb6 cxb6 18. Rxd6 Rxd6 19. Rxd6 Bc8 20. Bxf7
Bxf5 21. Be6 Bg6 22. Rd7 Re8 23. f4 Ng8 24. f5 Bh5 25. Rc7 Ne7 26. e5 h6 27.
Ne4 Rd8 28. Nd6 Ng8 29. Nf7+ Bxf7 30. Bxf7 Rf8 31. Bg6 b5 32. axb5 cxb5 33. f6
Nxf6 34. exf6 gxf6 35. Rc6 f5 36. Rxa6 f4 37. Kd2 f3 38. Ke1 f2+ 39. Kf1 Kg7
40. Bd3 b4 41. Rb6 Rf4 42. Rc6 h5 43. Rc4 Rf3 44. Rxb4 Kf6 45. Be2 Rf5 46. h4
Kg6 47. Bd3 Kf6 48. Bxf5 Kxf5 49. Kxf2 Ke6 50. Rb5 Kf6 51. Rxh5 Kg6 52. Rg5+
Kf6 53. b4 Ke6 54. b5 Kd6 55. h5 Kc7 56. h6 Kb6 57. h7 Ka5 58. h8=Q Kb4 59.
Qb2+ Kc4 60. Qb3+ Kd4 61. Qd3# 1-0

[Event "DEM U10/U10w 2010"]
[Site "Oberhof GER"]
[Date "2010.05.24"]
[Round "4"]
[White "Rätzke von Stoyentin, Steffen"]
[Black "Urban, Konstantin"]
[Result "0-1"]
[Termination "normal"]
[Board "6"]
[WhiteElo "1278"]
[BlackElo "1241"]
[PlyCount "134"]
[WhiteFideId "12907502"]
[BlackFideId "12927511"]
[EventCountry "GER"]
[EventRounds "11"]
[EventType "swiss"]
[EventDate "2010.05.22"]

1. d4 Nf6 2. c4 c5 3. Nf3 e6 4. Bg5 Be7 5. e3 cxd4 6. Nxd4 Qa5+ 7. Nc3 Qxg5 8.
Ndb5 Na6 9. Nd6+ Bxd6 10. Qxd6 Qc5 11. Nb5 Qxd6 12. Nxd6+ Ke7 13. O-O-O Nb4 14.
Kb1 Ng4 15. Rd2 Nf6 16. a3 Nc6 17. Be2 Ne8 18. Ne4 f5 19. Nc5 b6 20. Nb3 Bb7
21. Rhd1 Nf6 22. c5 Rhd8 23. cxb6 axb6 24. Bf3 Na5 25. Bxb7 Nxb3 26. Rc2 Rab8
27. Bf3 Rbc8 28. Re2 Rc7 29. Ree1 g5 30. g3 g4 31. Bg2 d5 32. Ka2 Nc5 33. Bf1
Nce4 34. Re2 Rdc8 35. Kb1 b5 36. Bg2 Rb8 37. Rd3 Rcc8 38. h3 h5 39. h4 b4 40.
Ka2 bxa3 41. Rxa3 Ra8 42. Rxa8 Rxa8+ 43. Kb1 Rb8 44. Rc2 Kd6 45. Kc1 Kd7 46.
Kd1 Rb6 47. Ke2 Rc6 48. Rxc6 Kxc6 49. Bf1 Kc5 50. Ke1 Kb4 51. Be2 Kb3 52. Kf1
Kxb2 53. Kg2 Kc2 54. Bb5 Kc3 55. Bc6 d4 56. exd4 Kxd4 57. Bb7 Nc5 58. Bc6 e5
59. Bb5 f4 60. gxf4 exf4 61. f3 g3 62. Be2 Ke3 63. Bc4 Nd3 64. Bf7 Ne1+ 65. Kh3
g2 66. Bg6 g1=Q 67. Bxh5 Qg3# 0-1